General outline of the research activities TARC

Wedi'i Gadw mewn:
Manylion Llyfryddiaeth
Fformat: Llyfr
Iaith:Undetermined
Cyhoeddwyd: Japan TARC 1989
Pynciau:
Tagiau: Ychwanegu Tag
Dim Tagiau, Byddwch y cyntaf i dagio'r cofnod hwn!
Thư viện lưu trữ: Trung tâm Học liệu Trường Đại học Cần Thơ
LEADER 00437nam a2200157Ia 4500
001 CTU_30118
008 210402s9999 xx 000 0 und d
082 |a 630.715 
082 |b T856 
245 0 |a General outline of the research activities TARC 
260 |a Japan 
260 |b TARC 
260 |c 1989 
650 |a agriculture - research - tropics 
904 |i Liên, 990304 
980 |a Trung tâm Học liệu Trường Đại học Cần Thơ